000 00965nam0a22002891 4500
001 rc\730227
005 20040301141657.2
035 _a(NLR Aleph) 006260875
090 _a6847304
_c6847304
100 _a20040301d1985 u |0rusy50 ca
101 0 _arus
102 _aRU
105 _aa |||||||||
200 1 _aЕгипетская пластика малых форм
210 _aМ.
_cИскусство
_d1985
215 _a118 с., 60 л. ил.
_d28
225 1 _aИз истории мирового искусства
300 _aНа пер. авт. не указаны
300 _aРез.: англ.
320 _aБиблиогр. в примеч.: с. 96-102
700 1 _aПавлов
_bВ. В.
_f1898-1972
_gВсеволод Владимирович
701 1 _aХоджаш
_bС. И.
_gСветлана Измайловна
801 0 _aRU
_bNLR
_gpsbo
801 1 _aRU
_bELAR
_2rusmarc
852 _aNLR
_j85-8/550
942 _cBOOK
980 _aNB